[Event "Paraiban-ch op"]
[Site "Cabo Branco"]
[Date "2015.06.07"]
[Round "5"]
[White "De Oliveira, Jefferson Pereira"]
[Black "De Moura, George Nunes"]
[Result "1-0"]
[WhiteElo "1940"]
[BlackElo "1818"]
[PlyCount "59"]
[EventDate "2015.06.04"]
[EventType "swiss"]
[EventRounds "5"]
[EventCountry "BRA"]
[SourceTitle "CBM 167 Extra"]
[Source "ChessBase"]
[SourceDate "2015.09.14"]
[SourceVersion "1"]
[SourceVersionDate "2015.09.14"]
[SourceQuality "1"]

1. d4 Nf6 2. Nf3 d5 3. c4 c6 4. Nc3 Bf5 5. cxd5 cxd5 6. Qb3 Bc8 7. Bg5 e6 8. e3 a6 9. Bd3 h6 10. Bh4 Be7 11. 0-0 0-0 12. Ne5 Nbd7 13. f4 Nxe5 14. fxe5 Nd7 15. Bxe7 Qxe7 16. Rf3 f6 17. exf6 Nxf6 18. Raf1 b5 19. Ne2 e5 20. e4 Be6 21. Qc2 Rac8 22. Qb1 dxe4 23. Bxe4 Bg4 24. R3f2 exd4 25. Bd3 Qe3 26. Kh1 Rc7 27. Nf4 Rfc8 28. a4 Qxf2 29. Qa2+ Kh8 30. Ng6+ 1-0

[Event "Paraiban-ch op"]
[Site "Cabo Branco"]
[Date "2015.06.06"]
[Round "3"]
[White "De Moura, George Nunes"]
[Black "Ferreira, Alexander da Silva"]
[Result "1-0"]
[WhiteElo "1818"]
[BlackElo "1607"]
[PlyCount "89"]
[EventDate "2015.06.04"]
[EventType "swiss"]
[EventRounds "5"]
[EventCountry "BRA"]
[SourceTitle "CBM 167 Extra"]
[Source "ChessBase"]
[SourceDate "2015.09.14"]
[SourceVersion "1"]
[SourceVersionDate "2015.09.14"]
[SourceQuality "1"]

1. Nc3 e5 2. Nf3 Nc6 3. d4 exd4 4. Nxd4 Bb4 5. e4 Qf6 6. Be3 Nge7 7. Qd2 h6 8. Be2 a6 9. 0-0 d6 10. a3 Bc5 11. Nxc6 Nxc6 12. Nd5 Qd8 13. b4 Bxe3 14. Qxe3 0-0 15. f4 Be6 16. c4 Ne7 17. g4 Nxd5 18. cxd5 Bd7 19. Qg3 Qf6 20. Rad1 g5 21. fxg5 Qxg5 22. h4 Qe5 23. Qxe5 dxe5 24. d6 c6 25. a4 b5 26. axb5 axb5 27. Ra1 Ra4 28. Rxa4 bxa4 29. Ra1 Ra8 30. Kf2 Kg7 31. Ke3 a3 32. Kd3 c5 33. Kc4 cxb4 34. Kxb4 f6 35. Rxa3 Rxa3 36. Kxa3 Kf7 37. Kb4 h5 38. gxh5 f5 39. exf5 Bxf5 40. Kc5 e4 41. Kc6 e3 42. Kc7 Kg7 43. Kc6 Be4+ 44. Kc5 Bf5 45. h6+ 1-0

[Event "Joao Pessoa op 6th"]
[Site "Joao Pessoa"]
[Date "2015.03.14"]
[Round "4"]
[White "De Moura, George Nunes"]
[Black "De Lima, Ednaldo Mariano Vas"]
[Result "1-0"]
[WhiteElo "1819"]
[BlackElo "1649"]
[PlyCount "57"]
[EventDate "2015.03.13"]
[EventType "swiss"]
[EventRounds "6"]
[EventCountry "BRA"]
[SourceTitle "CBM 165 Extra"]
[Source "ChessBase"]
[SourceDate "2015.04.21"]
[SourceVersion "1"]
[SourceVersionDate "2015.04.21"]
[SourceQuality "1"]

1. Nc3 d5 2. e4 d4 3. Nce2 e5 4. Nf3 Nc6 5. c3 d3 6. Ng3 Nf6 7. Qa4 Bd7 8. Bxd3 Nd4 9. Qd1 Nxf3+ 10. Qxf3 Bc5 11. h3 0-0 12. 0-0 h6 13. Bc2 Bc6 14. a4 a6 15. d3 Qd7 16. Nf5 h5 17. Qg3 g6 18. b4 Bd6 19. Bb3 Kh7 20. Nxd6 Qxd6 21. f4 Nd7 22. f5 Nf6 23. Bxf7 gxf5 24. Qg6+ Kh8 25. Qh6+ Nh7 26. Bg6 Qe7 27. exf5 Qg7 28. Qxh5 Rf6 29. Bg5 1-0

[Event "Joao Pessoa-ch"]
[Site "Joao Pessoa"]
[Date "2014.08.03"]
[Round "6"]
[White "De Moura, George Nunes"]
[Black "Caio, Francisco Ferreira"]
[Result "1-0"]
[WhiteElo "1812"]
[BlackElo "1702"]
[PlyCount "93"]
[EventDate "2014.08.01"]
[EventType "swiss"]
[EventRounds "6"]
[EventCountry "BRA"]
[SourceTitle "CBM 161 Extra"]
[Source "ChessBase"]
[SourceDate "2014.08.29"]
[SourceVersion "1"]
[SourceVersionDate "2014.08.29"]
[SourceQuality "1"]

1. e4 c5 2. Nf3 Nc6 3. d4 cxd4 4. Nxd4 Nf6 5. Nc3 d6 6. Be3 Bd7 7. Bc4 a6 8. f3 b5 9. Bb3 Na5 10. g4 Nc4 11. Bxc4 bxc4 12. Qd2 e6 13. h4 d5 14. g5 Ng8 15. exd5 Bb4 16. dxe6 fxe6 17. 0-0 Qc7 18. f4 Ne7 19. Qe2 Bxc3 20. bxc3 0-0 21. Rab1 Rab8 22. Bd2 Qc5 23. Qe5 Qxe5 24. fxe5 Rxf1+ 25. Rxf1 Rb2 26. a4 Nc6 27. Nf3 Rxc2 28. Rb1 Na5 29. Rb4 Bc6 30. g6 hxg6 31. Ng5 Kf8 32. Be3 Ke7 33. Bb6 Nb3 34. Rxc4 Rg2+ 35. Kh1 Rg4+ 36. Rxc6 Rxh4+ 37. Kg2 Rg4+ 38. Kf2 Rxg5 39. Rc7+ Ke8 40. Bd4 Rf5+ 41. Kg3 Kf8 42. Rb7 Nd2 43. Rb8+ Kf7 44. Rb7+ Kg8 45. Ra7 Rg5+ 46. Kf2 Nf3 47. Kxf3 1-0

[Event "Joao Pessoa-ch"]
[Site "Joao Pessoa"]
[Date "2014.08.02"]
[Round "3"]
[White "De Moura, George Nunes"]
[Black "Prado Filho, Ricardo de Almeida"]
[Result "0-1"]
[WhiteElo "1812"]
[BlackElo "1887"]
[PlyCount "106"]
[EventDate "2014.08.01"]
[EventType "swiss"]
[EventRounds "6"]
[EventCountry "BRA"]
[SourceTitle "CBM 161 Extra"]
[Source "ChessBase"]
[SourceDate "2014.08.29"]
[SourceVersion "1"]
[SourceVersionDate "2014.08.29"]
[SourceQuality "1"]

1. Nc3 d5 2. e4 c6 3. Nf3 dxe4 4. Nxe4 Bf5 5. Ng3 Bg6 6. d4 Nf6 7. Bd3 Bxd3 8. Qxd3 e6 9. Bg5 Nbd7 10. 0-0 Qc7 11. Rfe1 h6 12. Bd2 Bd6 13. Nf5 Bf8 14. a4 g6 15. Ng3 Bg7 16. Bb4 c5 17. dxc5 Nxc5 18. Qb5+ Nfd7 19. Ne4 a6 20. Qc4 Rc8 21. Nxc5 Nxc5 22. Bxc5 Qxc5 23. Qxc5 Rxc5 24. c3 Ke7 25. Red1 Rc4 26. Kf1 g5 27. g3 g4 28. Nd2 Rc7 29. Ke2 h5 30. Nf1 h4 31. f3 gxf3+ 32. Kxf3 Rd7 33. Rxd7+ Kxd7 34. Rd1+ Kc6 35. Rd3 Rh5 36. g4 Ra5 37. b3 Rc5 38. c4 Bh6 39. Ne3 Re5 40. Nc2 Kc5 41. Rd7 b5 42. axb5 axb5 43. cxb5 f5 44. h3 Kxb5 45. Rh7 fxg4+ 46. hxg4 Bg5 47. Rh8 Rd5 48. Rb8+ Kc5 49. Ke4 Rd2 50. b4+ Kd6 51. Nd4 h3 52. Rh8 Rxd4+ 53. Kxd4 Bf6+ 0-1

[Event "Joao Pessoa-ch"]
[Site "Joao Pessoa"]
[Date "2014.08.01"]
[Round "2"]
[White "Fiaes, Mario Henrique"]
[Black "De Moura, George Nunes"]
[Result "1-0"]
[WhiteElo "2072"]
[BlackElo "1812"]
[PlyCount "79"]
[EventDate "2014.08.01"]
[EventType "swiss"]
[EventRounds "6"]
[EventCountry "BRA"]
[SourceTitle "CBM 161 Extra"]
[Source "ChessBase"]
[SourceDate "2014.08.29"]
[SourceVersion "1"]
[SourceVersionDate "2014.08.29"]
[SourceQuality "1"]

1. d4 d5 2. c4 c6 3. Nc3 Nf6 4. Nf3 e6 5. Bg5 Nbd7 6. cxd5 exd5 7. e3 Be7 8. Qc2 0-0 9. Bd3 h6 10. Bf4 Re8 11. 0-0 Nf8 12. h3 a6 13. Ne5 Be6 14. Bh2 N6d7 15. f4 f6 16. Ng6 Nxg6 17. Bxg6 Bf7 18. Bd3 Nf8 19. Qb3 b5 20. Rac1 c5 21. Bb1 Bd6 22. Rce1 cxd4 23. exd4 Qb6 24. Rd1 Re3 25. Na4 Qxd4 26. Rxd4 Rxb3 27. axb3 bxa4 28. Rxa4 a5 29. Bd3 Nd7 30. Rfa1 Bc7 31. Bc2 Rb8 32. Kh1 Nc5 33. R4a3 d4 34. f5 Bxh2 35. Kxh2 d3 36. Bd1 Bxb3 37. Rxa5 Nd7 38. Ra8 Bxd1 39. Rxb8+ Nxb8 40. Rxd1 1-0

[Event "Joao Pessoa op 5th"]
[Site "Joao Pessoa"]
[Date "2014.03.16"]
[Round "6"]
[White "De Moura, George Nunes"]
[Black "De Araujo, Antonio Jose"]
[Result "1-0"]
[WhiteElo "1800"]
[BlackElo "1716"]
[PlyCount "83"]
[EventDate "2014.03.14"]
[EventType "swiss"]
[EventRounds "6"]
[EventCountry "BRA"]
[SourceTitle "CBM 159 Extra"]
[Source "ChessBase"]
[SourceDate "2014.04.24"]
[SourceVersion "1"]
[SourceVersionDate "2014.04.24"]
[SourceQuality "1"]

1. e4 c5 2. Nf3 e6 3. d4 h6 4. c4 cxd4 5. Nxd4 Bc5 6. Be3 Qb6 7. Qd2 Nf6 8. Nc3 0-0 9. Be2 Re8 10. 0-0 e5 11. Nf5 Bxe3 12. fxe3 Re6 13. Rad1 Ne8 14. Rf3 Nc6 15. Kh1 Qc5 16. Nd5 d6 17. a3 Qa5 18. Qc1 Qd8 19. Rg3 Rg6 20. Bh5 Rxg3 21. Nxg3 Be6 22. Rf1 g6 23. Be2 Bxd5 24. exd5 Ne7 25. e4 Kg7 26. Qe3 b6 27. Qf2 f5 28. exf5 Nxf5 29. Nxf5+ gxf5 30. Qxf5 Nf6 31. Bd3 e4 32. Bxe4 Nxe4 33. Qxe4 Qd7 34. Qd4+ Kg8 35. Kg1 Re8 36. Qf6 Qg7 37. Qxd6 Qd4+ 38. Kh1 Qxc4 39. Qg6+ Kh8 40. Qxe8+ Kh7 41. Rf7+ Kg6 42. Rc7+ 1-0

[Event "Joao Pessoa op 5th"]
[Site "Joao Pessoa"]
[Date "2014.03.16"]
[Round "5"]
[White "Vital, Pablo Manoel Santan"]
[Black "De Moura, George Nunes"]
[Result "0-1"]
[WhiteElo "1712"]
[BlackElo "1800"]
[PlyCount "70"]
[EventDate "2014.03.14"]
[EventType "swiss"]
[EventRounds "6"]
[EventCountry "BRA"]
[SourceTitle "CBM 159 Extra"]
[Source "ChessBase"]
[SourceDate "2014.04.24"]
[SourceVersion "1"]
[SourceVersionDate "2014.04.24"]
[SourceQuality "1"]

1. e4 c5 2. Nf3 e6 3. Nc3 a6 4. d4 cxd4 5. Nxd4 Nc6 6. Nxc6 bxc6 7. Be3 Nf6 8. g3 d5 9. Bg2 Be7 10. 0-0 0-0 11. e5 Nd7 12. f4 Rb8 13. Rb1 c5 14. Ne2 Bb7 15. Bd2 a5 16. Qe1 Ra8 17. a3 a4 18. c3 Ba6 19. Rf2 Rb8 20. Nc1 Nb6 21. Bf1 Bxf1 22. Qxf1 Nc4 23. Nd3 Qd7 24. Bc1 Nxa3 25. bxa3 Rxb1 26. Nb2 c4 27. Rd2 Bc5+ 28. Kg2 Qc6 29. Kh1 Rb8 30. Qd1 Be3 31. Rc2 Bxc1 32. Rxc1 R1xb2 33. Qg4 g6 34. f5 exf5 35. Qg5 d4+ 0-1

[Event "Joao Pessoa op 5th"]
[Site "Joao Pessoa"]
[Date "2014.03.15"]
[Round "4"]
[White "De Moura, George Nunes"]
[Black "Da Silva, Antonio Dutra"]
[Result "1/2-1/2"]
[WhiteElo "1800"]
[BlackElo "1784"]
[PlyCount "196"]
[EventDate "2014.03.14"]
[EventType "swiss"]
[EventRounds "6"]
[EventCountry "BRA"]
[SourceTitle "CBM 159 Extra"]
[Source "ChessBase"]
[SourceDate "2014.04.24"]
[SourceVersion "1"]
[SourceVersionDate "2014.04.24"]
[SourceQuality "1"]

1. e4 e6 2. d4 Nf6 3. Bd3 Nc6 4. c3 e5 5. d5 Ne7 6. Bg5 Ng6 7. a4 a5 8. Nd2 Be7 9. Bxf6 Bxf6 10. Nc4 0-0 11. Ne2 b6 12. 0-0 Ba6 13. Ne3 Bb7 14. Nf5 Ne7 15. Neg3 Ng6 16. Qg4 d6 17. Bb5 Bc8 18. Qd1 Bd7 19. Bxd7 Qxd7 20. Nh5 Kh8 21. c4 Qd8 22. Qg4 Rg8 23. Rab1 Nf8 24. Nhg3 Qc8 25. Qf3 Qd8 26. Ne2 Ng6 27. Nc3 Nf4 28. Ne2 g5 29. Nxf4 gxf4 30. Kh1 Qf8 31. Rg1 Rg5 32. g3 Rxf5 33. exf5 fxg3 34. Rxg3 Qe7 35. Rbg1 h6 36. Qh5 Kh7 37. Rh3 Qf8 38. Rg6 Bg7 39. Rg4 Bf6 40. Rgg3 Re8 41. Qg4 Qg7 42. Rxh6+ Qxh6 43. Rh3 Qxh3 44. Qxh3+ Kg7 45. Kg2 Kf8 46. Kf3 Ke7 47. Ke4 Rh8 48. Qg2 Rh4+ 49. Kd3 Rd4+ 50. Ke2 Rxc4 51. Qg8 Rxa4 52. Qc8 Rc4 53. Qa6 Rc5 54. Qd3 Kd7 55. h4 Bxh4 56. Qb3 Ke7 57. Kf3 b5 58. Qa3 a4 59. Qb4 Bg5 60. Qg4 Bf6 61. Qe4 Kd7 62. Qd3 Rc4 63. Kg2 c6 64. dxc6+ Kxc6 65. b3 e4 66. Qd1 axb3 67. Qxb3 d5 68. Qa3 Kb6 69. Qd6+ Rc6 70. Qxd5 e3 71. fxe3 b4 72. Qxf7 Kb5 73. Qb7+ Rb6 74. Qd5+ Ka4 75. Qc4 Ka5 76. Qb3 Kb5 77. Kf3 Ra6 78. Ke4 Rd6 79. Kf4 Bc3 80. e4 Rd3 81. Kg4 Rd4 82. Qe6 Rc4 83. f6 Bxf6 84. Qxf6 Rxe4+ 85. Kf3 Rc4 86. Ke3 Rc5 87. Qe6 Rc3+ 88. Kd2 Ka4 89. Qa6+ Kb3 90. Qe6+ Kb2 91. Qe5 Kb3 92. Qe6+ Ka3 93. Qa6+ Kb3 94. Qa1 Rc2+ 95. Kd3 Rc3+ 96. Kd4 Rc2 97. Kd3 Rb2 98. Qa5 Rc2 1/2-1/2

[Event "Joao Pessoa op 5th"]
[Site "Joao Pessoa"]
[Date "2014.03.15"]
[Round "3"]
[White "Souza, Marcos Valerio"]
[Black "De Moura, George Nunes"]
[Result "1-0"]
[WhiteElo "2073"]
[BlackElo "1800"]
[PlyCount "61"]
[EventDate "2014.03.14"]
[EventType "swiss"]
[EventRounds "6"]
[EventCountry "BRA"]
[SourceTitle "CBM 159 Extra"]
[Source "ChessBase"]
[SourceDate "2014.04.24"]
[SourceVersion "1"]
[SourceVersionDate "2014.04.24"]
[SourceQuality "1"]

1. e4 c5 2. Nf3 e6 3. d3 Nf6 4. Nc3 Be7 5. e5 Nd5 6. Nxd5 exd5 7. d4 0-0 8. dxc5 Qa5+ 9. Bd2 Qxc5 10. Bd3 d6 11. 0-0 dxe5 12. Nxe5 Bf6 13. Re1 Nc6 14. Nxc6 bxc6 15. Qf3 Be6 16. c3 Rfe8 17. Re2 Qd6 18. Rae1 a5 19. h3 a4 20. Bf4 Qf8 21. Qg3 g6 22. h4 Bd7 23. h5 Rxe2 24. Rxe2 Bg7 25. Bd6 Qc8 26. hxg6 hxg6 27. Re7 Be8 28. Be5 Qd8 29. Rc7 Bd7 30. Bxg7 Kxg7 31. Qd6 1-0